000 00514nam a2200193Ia 4500
005 20250508153010.0
008 008 250505s9999 xx 000 0 hin d
037 _aBooks to be hide in OPAC
040 _aFEDL
_beng
_cFEDL
041 _ahin
_2hin
084 _a370.4, JAK
_qFEDL
100 _aJakir Hussian
_9762943
245 0 _aShiksha
260 _aDelhi, India
_bRajkamal Prakashan
_c1961
300 _a167p.
650 _aEducation
942 _cHB
_h370.4, JAK
999 _c1340069
_d1340069